សរីរវិទ្យាសត្វក្នុងវិស័យវិទ្យាសាស្រ្តសត្វ , Animals Physiology in animal science (Record no. 23986)
[ view plain ]
| 000 -LEADER | |
|---|---|
| fixed length control field | 00432nam a22001217a 4500 |
| 040 ## - CATALOGING SOURCE | |
| Transcribing agency | RUA |
| 082 ## - DEWEY DECIMAL CLASSIFICATION NUMBER | |
| Classification number | 154 ហ៊ន់ 2023 A126 Or. |
| 100 ## - MAIN ENTRY--AUTHOR NAME | |
| Personal name | ហ៊ន់ ហៀក |
| 245 ## - TITLE STATEMENT | |
| Title | សរីរវិទ្យាសត្វក្នុងវិស័យវិទ្យាសាស្រ្តសត្វ , Animals Physiology in animal science |
| 260 ## - PUBLICATION, DISTRIBUTION, ETC. (IMPRINT) | |
| Place of publication | PHNOM PENH |
| Name of publisher | RUA |
| Year of publication | 2023 |
| 300 ## - PHYSICAL DESCRIPTION | |
| Number of Pages | vi, |
| Other physical details | ill, |
| Dimensions | 29cm, |
| 942 ## - ADDED ENTRY ELEMENTS (KOHA) | |
| Koha item type | សៀវភៅភាសាខ្មែរ |
| 952 ## - LOCATION AND ITEM INFORMATION (KOHA) | |
| Withdrawn status [LOCAL, KOHA] | 0 |
| Koha item type | Barcode | Lost status | Permanent Location | Current Location | Date acquired | Full call number |
|---|---|---|---|---|---|---|
| សៀវភៅភាសាខ្មែរ | A080224 | Library Block A | Library Block A | 2025-01-23 | 154 ហ៊ន់ 2023 A126 Or. |